Index velkoobchodních cen průmyslu za 2. čtvrtletí 1990

Salvato in:
Dettagli Bibliografici
Natura: Libro
Lingua:ceco
Pubblicazione: Praha Federální statistický úřad 1990
Tags: Aggiungi Tag
Nessun Tag, puoi essere il primo ad aggiungerne!!

MARC

LEADER 00000nam a2200000 4500
001 c032314
005 20250828103602.8
041 0 |a cze 
044 |a CZ 
245 1 0 |a Index velkoobchodních cen průmyslu za 2. čtvrtletí 1990 
264 1 |a Praha  |b Federální statistický úřad  |c 1990 
300 |a 84 s.